00704nam a2200205 i 4500001001000000003000900010005001700019007000300036008004100039020001800080040003000098082000700128100002100135245007400156264003900230300002700269500007000296500010200366504003000468000020732DO-SdBNP20250203093855.0ta100813s2015 dr r 000 0 spa d a9789945589948 aDO-SdBNPbspacBNPHUerda 42221 aMerejo, Andrés13aEl cibermundo global en la República Dominicana /cAndrés Merejo. aSanto Domingo :bSantuario,c2015. a45 páginas ;c24 cm. aIncluye datos biográficos del autor en la solapa de la cubierta aConferencia e ingreso como miembro de número de la Academia de Ciencias de República Dominica aBibliografía : p. 43-45